000 00839nam a2200253 i 4500
001 bg
245 0 0 _aZastosowanie metod chromatograficznych /
_c[skrypt oprac. Katarzyna Adamska et al.] ; pod red. Katarzyny Bielickiej-Daszkiewicz, Kasyldy Milczewskiej, Adama Voelkela.
260 _aPoznań :
_bWydaw. Politechniki Poznańskiej,
_c2005.
300 _a190 s. :
_bil. ;
_c24 cm.
504 _aBibliogr.
650 9 _aChromatografia
_xmetody
_xstosowanie
655 _aPodręczniki akademickie
700 1 _aADAMSKA, Katarzyna
700 1 _aBIELICKA-DASZKIEWICZ, Katarzyna.
_eRed.
700 1 _aMILCZEWSKA, Kasylda.
_eRed.
700 1 _aVOELKEL, Adam.
_eRed.
020 _a8371433689
040 _cBPK
041 0 _apol
080 _a543.5
920 _a83-7143-368-9
942 _cKS
008 s pl f |000 0 pol
999 _c45658
_d45658
856 _uhttp://koha.tu.koszalin.pl/cgi-bin/koha/opac-detail.pl?biblionumber=45658
_yKatalog online BPK